[Event "GER-ch U12"]
[Site "Willingen"]
[Date "2015.05.27"]
[Round "7"]
[White "Rothenberg, Nina"]
[Black "Fischer, Laura"]
[Result "0-1"]
[WhiteElo "1174"]
[BlackElo "1207"]
[PlyCount "86"]
[EventDate "2015.05.24"]
[EventType "swiss"]
[EventRounds "11"]
[EventCountry "GER"]
[SourceTitle "CBM 166 Extra"]
[Source "ChessBase"]
[SourceDate "2015.06.18"]
[SourceVersion "1"]
[SourceVersionDate "2015.06.18"]
[SourceQuality "1"]

1. e4 e5 2. Nf3 Nc6 3. Bc4 Be7 4. c3 Nf6 5. d3 d6 6. Be3 0-0 7. Nbd2 Be6 8. Bxe6 fxe6 9. Qb3 Qc8 10. 0-0-0 d5 11. Rdg1 b6 12. d4 exd4 13. Nxd4 Na5 14. Qc2 Ng4 15. Nf1 Nc4 16. Qe2 Ncxe3 17. Nxe3 Nxf2 18. exd5 Nxh1 19. Rxh1 exd5 20. Nxd5 Bg5+ 21. Kb1 Kh8 22. Qe6 c5 23. Qxc8 Raxc8 24. Ne6 Rf5 25. Nxg5 Rxg5 26. Ne3 h6 27. Kc2 Rf8 28. Rg1 Rf2+ 29. Kb3 Re2 30. Nc4 Rgxg2 31. Rxg2 Rxg2 32. Nd6 Rd2 33. Nc8 Rd7 34. Kc4 Kg8 35. Kb5 Kf8 36. Ka6 Ke8 37. Nxa7 Rd2 38. Kxb6 Rxb2+ 39. Kxc5 Rxa2 40. Nb5 Kd8 41. Nd6 Kd7 42. Nf5 Ra5+ 43. Kd4 Rxf5 0-1

[Event "GER-ch U12"]
[Site "Willingen"]
[Date "2015.05.26"]
[Round "5"]
[White "Gutmann, Anna"]
[Black "Fischer, Laura"]
[Result "1/2-1/2"]
[WhiteElo "1303"]
[BlackElo "1207"]
[PlyCount "82"]
[EventDate "2015.05.24"]
[EventType "swiss"]
[EventRounds "11"]
[EventCountry "GER"]
[SourceTitle "CBM 166 Extra"]
[Source "ChessBase"]
[SourceDate "2015.06.18"]
[SourceVersion "1"]
[SourceVersionDate "2015.06.18"]
[SourceQuality "1"]

1. e4 e5 2. Nf3 Nc6 3. Bb5 Bc5 4. Nc3 d6 5. d4 a6 6. Bxc6+ bxc6 7. dxc5 Bg4 8. h3 Bh5 9. cxd6 cxd6 10. Be3 Nf6 11. Bg5 0-0 12. Qd3 d5 13. 0-0 dxe4 14. Qxd8 Rfxd8 15. Bxf6 gxf6 16. Nxe4 Kg7 17. g4 Bg6 18. Rfe1 f5 19. gxf5 Bxf5 20. Kh2 f6 21. Rac1 Rab8 22. b3 Rb4 23. Nc5 a5 24. Rg1+ Kh6 25. c4 e4 26. Nh4 Bg6 27. Nxg6 hxg6 28. Nxe4 f5 29. Nc3 Rd2 30. Rgf1 a4 31. bxa4 Rxc4 32. a3 Rd3 33. Ne2 Rxa4 34. Rxc6 Raxa3 35. Rg1 Rxh3+ 36. Kg2 Rh5 37. Rh1 Rxh1 38. Kxh1 Ra2 39. Re6 Kh5 40. Kg2 g5 41. Re5 Kh4 1/2-1/2

[Event "GER-ch U10"]
[Site "Magdeburg"]
[Date "2014.06.08"]
[Round "1"]
[White "Evering, Soeren"]
[Black "Fischer, Laura"]
[Result "1-0"]
[WhiteElo "1424"]
[BlackElo "1091"]
[PlyCount "61"]
[EventDate "2014.06.08"]
[EventType "swiss"]
[EventRounds "11"]
[EventCountry "GER"]
[SourceTitle "CBM 160 Extra"]
[Source "ChessBase"]
[SourceDate "2014.07.01"]
[SourceVersion "1"]
[SourceVersionDate "2014.07.01"]
[SourceQuality "1"]

1. e4 e5 2. Nf3 Nc6 3. Bc4 Bc5 4. c3 Nf6 5. d4 exd4 6. e5 dxc3 7. exf6 Qxf6 8. Qe2+ Ne7 9. Nxc3 Bb4 10. 0-0 Bxc3 11. bxc3 0-0 12. Bg5 Qxc3 13. Rac1 Qa5 14. Qxe7 d5 15. Bd2 Qb6 16. Bxd5 Be6 17. Bxe6 fxe6 18. Rxc7 Qb2 19. Bc3 Qxc3 20. Rxc3 Rae8 21. Qxb7 Rf7 22. Qb5 Ref8 23. Rfc1 Rf6 24. Rc8 h6 25. Rxf8+ Rxf8 26. Qd7 Kh8 27. Qxe6 Rf6 28. Rc8+ Kh7 29. Qe4+ Rg6 30. Ne5 a5 31. Qxg6# 1-0